Most Spoken Languages by Word Order - Statistics

General Stats
  • This quiz has been taken 688 times
  • The average score is 2 of 6
Answer Stats
Word Order Number of Native Speakers Most Spoken Language % Correct
SVO 941 million Mandarin
97%
SOV 345 million Hindi
79%
VSO 35 million Tagalog
19%
VOS 25 million Malagasy
3%
OVS 79,000 Päri
1%
OSV 33,000 Warao
1%
No matching quizzes found
Score Distribution
Percent of People with Each Score
Percentile by Number Answered
Your Score History
You have not taken this quiz